|
|
|
|
| LEADER |
00000nab a2200000 4500 |
| 001 |
vtls011857282 |
| 003 |
SK-MaSNL |
| 005 |
20260305024140.0 |
| 008 |
190321|20190301xo |||| || ||00 0|slo |
| 040 |
|
|
|e rda
|
| 041 |
|
|
|a slo
|
| 043 |
|
|
|a e-xo
|
| 044 |
|
|
|a xo
|c SK
|
| 072 |
|
7 |
|a 7.071
|x Tvorivé a interpretačné povolania. Profesionálni umelci, výkonní umelci, herci a hudobníci
|2 konspekt
|
| 080 |
|
|
|a 069
|2 2011
|
| 100 |
1 |
|
|a Mochorovská, Ivana
|4 aut
|9 316524
|
| 245 |
1 |
0 |
|a Jubiblujúci Peter Horvát
|c Ivana Mochorovská
|
| 336 |
|
|
|a text
|b txt
|2 rdacontent
|
| 337 |
|
|
|a bez média
|b n
|2 rdamedia
|
| 338 |
|
|
|a zväzok
|b nc
|2 rdacarrier
|
| 600 |
1 |
7 |
|a Horvát, Peter,
|d 1969 -
|2 mizkgz
|9 1602760
|
| 610 |
2 |
7 |
|a Mestské kultúrne stredisko (Michalovce, Slovensko)
|x Malá galéria
|2 mizkgz
|9 1200034
|
| 650 |
0 |
7 |
|a výtvarné umenie
|2 mizkgz
|9 723
|
| 650 |
0 |
7 |
|a výtvarníci
|2 mizkgz
|9 118705
|
| 650 |
0 |
7 |
|a fotografi
|2 mizkgz
|9 3159
|
| 650 |
0 |
7 |
|a výstavy
|2 mizkgz
|9 2780
|
| 650 |
0 |
7 |
|a 1.-15.3.2019
|2 mizkgz
|9 1602761
|
| 651 |
|
7 |
|a Michalovce (Slovensko)
|2 mizkgz
|9 22487
|
| 773 |
0 |
|
|t Michalovčan
|g Roč. XXX., č. 5 (2019), s.4
|x 1339-0031
|
| 787 |
0 |
8 |
|i Rec.:
|
| 999 |
|
|
|c 3300839
|d 3302769
|